000 01023nam a2200253 i 4500
001 34573
003 ES-MaACL
005 20250823051515.0
008 030207s1940 sp a |||| |dspa d
080 _a929(460)"1936/39"
245 0 0 _aLaureados
_b: 18 de julio de 1936 /
_cdirección, Fermina de Bonilla, Domingo Viladomat ; literatura, Antonio de Obregón, Álvaro Cunqueiro ; Ilustraciones, José Picó, Eduardo Santonja, Domingo Viladomat.
260 _aSan Sebastián :
_bEdiciones Ciegüeña,
_c1940.
300 _a2 v. (92 ; 94 p.) :
_bil. col. ;
_c24 cm.
650 0 4 _aMilitares-
_zEspaña-
_yS.XX.
_915046
651 4 _aEspaña-
_xHistoria militar-
_y1936-1939.
_98373
700 1 _aBonilla, Fermina de.
_9151426
700 1 _aViladomat, Domingo.
_9114752
700 1 _aObregón, Antonio de,
_d1910-1985
_986423
700 1 _aCunqueiro, Álvaro,
_d1911-1981
_942188
700 1 _aPicó, José.
_991862
700 1 _aSantonja, Eduardo.
_9151427
852 _aES-MaACL
_jC-4991-92
999 _c34573
_d34573